000 01419nam a2200265Ia 4500
999 _c56258
_d56258
001 23360
003 GE_BSU
005 20251223152310.0
008 181216s1992||||ge |||||||||||||| ||geo||
020 _aISBN 5-89515-028-4
040 _cGE_BSU
041 _ageo
100 _aმენაბდე, ლ. (ლევან)
_914531
245 _aძველი ქართული კულტურის კერები=Очаги древнегрузинской културы /
_cლევან მენაბდე ; რედ.: დ.მაჩაბელი ; მხატვ.: გ.ინასარიძე.
264 _aთბილისი :
_bხელოვნება,
_c1992.
300 _a294 გვ. ;
_c20 სმ.
541 _h5ლ.
546 _aპარალ. თავფ. და რეზ. რუს. და ინგლ. ენა
653 _aქართული კულტურის ისტორია
653 _aქართული კულტურის კერები საზღვარგარეთ
653 _aძველი ქართული კულტურის კერები=Очаги древнегрузинской културы
700 _aმაჩაბელი, დ.
_eრედაქტორი
_926588
700 _a ინასარიძე, გ.
_eმხატვარი
_926589
942 _cBK
_2udc